000 00548nam a22001817a 4500
005 20251108171012.0
008 250721s1980 xx 000 0 ara d
082 1 4 _a910.4/حمد
100 1 _aالجاسر، حمد
245 1 0 _aرحلات /
264 1 _aالرياض :
_bالجمعيه العريبه السعوديه للثقافه و الفنون،
_c1980.
300 _a409ص
490 0 _aللبحث عن التراث؛1
650 1 7 _aالسياحه
650 1 7 _aالرحلات الأسفار
942 _2ddc
_cBK
999 _c54108
_d54108